=LDR 00000nam 2200000 4500 =001 INLIS000000000042071 =005 20220315110734 =035 ##$$a 0010-061300000042071 =008 220315###########################0#ind## =041 ##$$a ind =082 ##$$a R.634.902 6 =090 ##$$a 634.902, Ind u =100 ##$$a Indonesia. [Undang-undang, Peraturan dst] =245 1#$$a Undang-undang kehutanan dan illegal logging =260 ##$$a 2011 :$b Bandung =300 ##$$a Vi,374 hlm., 21 cm =650 #4$$a HUTAN- UNDANG-UNDANG DI DARATAN =850 ##$$a NBPNMAT =084 ##$$a R.634.902 6 Ind u =990 ##$$a 3202200173